| 000 | 00371nam a22001697a 4500 | ||
|---|---|---|---|
| 005 | 20260618133549.0 | ||
| 020 | _a9789385982453 | ||
| 041 | _aEnglish | ||
| 082 | _aT20 R24 RAV | ||
| 100 | _aRavisankar C | ||
| 245 | _aTamil Ilakkiya Varalaru | ||
| 250 | _a01 | ||
| 260 |
_aChennai _bThamarai Publications _c2024 |
||
| 300 | _a368 | ||
| 365 | _b300.00 | ||
| 942 | _cBK | ||
| 999 |
_c177943 _d177943 |
||